000
00274nam a22001337a 4500
082
_a
894.812.3
_b
SHA/M
100
_a
MENON, SALINI
245
_a
MEGHA MUTHASSI
260
_a
PARAVUR
_b
GEETHAM BOOKS
_c
2019
300
_a
80
520
_a
NOVEL
650
_a
NOVEL
942
_c
BK
999
_c
5243
_d
5243